Understanding human sexuality
| Main Author: | |
|---|---|
| Format: | Book |
| Published: |
New York :
McGraw-Hill ,
1994
|
| Subjects: |
MARC
| LEADER | 00000cam a2200000 7i4500 | ||
|---|---|---|---|
| 001 | 0000002424 | ||
| 002 | 000002641 | ||
| 005 | 20000330.0 | ||
| 020 | |a 0070316155 | ||
| 090 | 0 | 0 | |a 306.7 |b HYD |
| 100 | 1 | |a Hyde, Janet Shibley | |
| 245 | 1 | 0 | |a Understanding human sexuality |c Janet Shibley Hyde |
| 260 | |a New York : |b McGraw-Hill , |c 1994 | ||
| 300 | |a 768p. ; |c 26cm. | ||
| 650 | 0 | 0 | |a Sex |
| 650 | 0 | 0 | |a Sex customs |
| 999 | |a 036107 |b BUKU |c RUJUKAN |e PERPUSTAKAAN KOMUNITI PETALING JAYA | ||